000
00308nam a2200121Ia 4500
008
191201s2013 xx 000 0 und d
100
_a
LAL, Jagdish
245
0
_a
Theory of Mechanism and Machines
260
_a
N. Delhi
_b
Metropolitan book co
_c
2013
300
_a
975
650
_a
B.Tech(ME)
942
_2
ddc
_c
BK
999
_c
6199
_d
6199